Análisis de procesos críticos para la búsqueda de oportunidades de mejoramiento Hotel Aurola Holiday Inn
Shranjeno v:
| Glavni avtor: | |
|---|---|
| Drugi avtorji: | |
| Format: | Knjiga |
| Izdano: |
[San José , Costa Rica]
1995
|
| Teme: | |
| Oznake: |
Označite
Brez oznak, prvi označite!
|
MARC
| LEADER | 00000nam a2200000Ia 4500 | ||
|---|---|---|---|
| 003 | 007753 | ||
| 005 | 20221231144253.0 | ||
| 008 | 140114s1995 cr a m 000 ||s d | ||
| 040 | |c cru CEDI | ||
| 090 | |a TFG 3335 | ||
| 100 | |a Villalobos Sanabria, Randall |9 10665 | ||
| 245 | |a Análisis de procesos críticos para la búsqueda de oportunidades de mejoramiento Hotel Aurola Holiday Inn | ||
| 260 | |c 1995 |a [San José , Costa Rica] | ||
| 300 | |a xi, [277] hojas : ilustraciones | ||
| 500 | |a Proyecto de graduación (licenciatura en ingeniería industrial)--Universidad de Costa Rica. Facultad de Ingeniería. Escuela de Ingeniería Industrial | ||
| 650 | |x HOTEL AUROLA HOLIDAY INN (COSTA RICA) |x ADMINISTRACION |9 10667 | ||
| 700 | |9 10666 |a Zoufaly Boldrini, Ludovica | ||
| 942 | |c TFG | ||
| 999 | |c 19364 |d 19364 | ||
